000 00513nam a22001457a 4500
008 250914b |||||||| |||| 00| 0 eng d
022 _a30486254
041 _aeng
245 _aJournal of Purchasing , Logistics and Supply Chain Management System
260 _aUttar Pradesh
_bMAT Journals Private Limited
_c2025
300 _a58:. p
651 _aManagement,Supply Chain Management
856 _uhttps://matjournals.com/Journal-of-Purchasing-Logistics-and-Supply-Chain-Management-system.html
942 _cSR
_s1
999 _c46495
_d46495